| 000 | 00439nam a22001457a 4500 | ||
|---|---|---|---|
| 005 | 20170510093418.0 | ||
| 008 | 170510b xxu||||| |||| 00| 0 eng d | ||
| 040 | _cPK-LaUMT | ||
| 082 |
_aZIAC 297.01 _bAHM-N |
||
| 100 | _aاحمد حمدون ، محمد | ||
| 245 |
_aنخونظریۃ لادب الاسلام/ _cمحمد احمد حمدون |
||
| 260 |
_aجدۃ: _bالمملکۃ العربیۃ، _c1986 |
||
| 300 | _a1752 ص | ||
| 942 | _cBK | ||
| 999 |
_c93301 _d93301 |
||